[Event "Perth Metro CC-chD"]
[Site "Perth"]
[Date "2006.02.09"]
[Round "2"]
[White "Slack Smith, Blair"]
[Black "Motu, B."]
[Result "1-0"]
[WhiteElo "1290"]
[BlackElo "1028"]
[PlyCount "54"]
[EventDate "2006.02.02"]
[EventType "tourn"]
[EventRounds "9"]
[EventCountry "AUS"]
[SourceTitle "EXT 2010"]
[Source "ChessBase"]
[SourceDate "2010.11.25"]
[SourceVersion "1"]
[SourceVersionDate "2010.11.25"]
[SourceQuality "1"]

1. e4 e5 2. f4 exf4 3. Bc4 Qe7 4. Nc3 Nf6 5. d3 Nc6 6. Bxf4 d6 7. a3 a6 8. Qd2 Be6 9. Bxe6 Qxe6 10. 0-0-0 0-0-0 11. Nf3 h6 12. Rde1 Ne5 13. Nd4 Qd7 14. Rhf1 Be7 15. h3 Rhf8 16. Kb1 Nc6 17. Nf5 g5 18. Bh2 Ne5 19. Qf2 Ng8 20. Nd5 Kb8 21. Bg1 Nc6 22. e5 b6 23. exd6 Bxd6 24. Nxd6 Qxd6 25. Nf6 Ne5 26. Bh2 Nxf6 27. Bxe5 Qc6 1-0

[Event "Perth Respini-E"]
[Site "Perth"]
[Date "2005.09.08"]
[Round "2"]
[White "Taylor, Paul"]
[Black "Motu, B."]
[Result "1/2-1/2"]
[WhiteElo "1207"]
[BlackElo "1069"]
[PlyCount "76"]
[EventDate "2005.09.01"]
[EventType "tourn"]
[EventRounds "9"]
[EventCountry "AUS"]
[SourceTitle "EXT 2010"]
[Source "ChessBase"]
[SourceDate "2010.11.25"]
[SourceVersion "1"]
[SourceVersionDate "2010.11.25"]
[SourceQuality "1"]

1. e4 e5 2. Nf3 Nc6 3. d4 exd4 4. Nxd4 Nf6 5. Nc3 Bb4 6. Bg5 h6 7. Nxc6 Bxc3+ 8. bxc3 bxc6 9. Bxf6 Qxf6 10. Qd4 Qxd4 11. cxd4 0-0 12. Bd3 d5 13. e5 c5 14. c3 c4 15. Bc2 g6 16. Rb1 c6 17. Ba4 Bd7 18. 0-0 Rab8 19. f4 Rb6 20. Rxb6 axb6 21. Bc2 b5 22. Ra1 Ra8 23. a4 bxa4 24. Rxa4 Rxa4 25. Bxa4 Kf8 26. Kf2 Ke7 27. Ke3 f6 28. h3 h5 29. h4 fxe5 30. fxe5 Ke6 31. Kf4 Be8 32. Bc2 Bf7 33. Kg5 Be8 34. Bd1 c5 35. Kf4 cxd4 36. cxd4 Kd7 37. Ke3 Ke7 38. Ke2 Ke6 1/2-1/2

[Event "Perth Respini-E"]
[Site "Perth"]
[Date "2005.09.01"]
[Round "1"]
[White "Motu, B."]
[Black "Doherty, Tyrone"]
[Result "1-0"]
[WhiteElo "1069"]
[BlackElo "1087"]
[PlyCount "64"]
[EventDate "2005.09.01"]
[EventType "tourn"]
[EventRounds "9"]
[EventCountry "AUS"]
[SourceTitle "EXT 2010"]
[Source "ChessBase"]
[SourceDate "2010.11.25"]
[SourceVersion "1"]
[SourceVersionDate "2010.11.25"]
[SourceQuality "1"]

1. c4 e6 2. Nc3 Bc5 3. d4 Be7 4. Nf3 c6 5. a3 Nf6 6. e4 d5 7. Bd3 dxe4 8. Nxe4 b6 9. Ne5 0-0 10. Nxf6+ Bxf6 11. 0-0 Bb7 12. b4 Na6 13. c5 Qxd4 14. Bxh7+ Kxh7 15. Qxd4 bxc5 16. bxc5 Rad8 17. Qe3 Nc7 18. Rb1 Ba8 19. Ng4 Bd4 20. Qh3+ Kg6 21. Qd3+ f5 22. Qg3 fxg4 23. Qxg4+ Kf7 24. Qf4+ Kg8 25. Qxc7 Bxc5 26. Bb2 Bd4 27. Rfd1 c5 28. Bxd4 cxd4 29. Qxa7 e5 30. Qc5 Rde8 31. f3 Rf6 32. Qc4+ Kh8 1-0